[Event "RUS-ch U14"]
[Site "Dagomys"]
[Date "2009.04.23"]
[Round "9"]
[White "Mukhamadeev, Dmitry"]
[Black "Suvorov, Aleksander"]
[Result "1-0"]
[WhiteElo "1857"]
[BlackElo "2093"]
[PlyCount "67"]
[EventDate "2009.04.15"]
[EventType "swiss"]
[EventRounds "9"]
[EventCountry "RUS"]
[SourceTitle "EXT 2012"]
[Source "ChessBase"]
[SourceDate "2011.11.24"]
[SourceVersion "1"]
[SourceVersionDate "2011.11.24"]
[SourceQuality "1"]

1. g4 d5 2. Bg2 Bxg4 3. c4 e6 4. cxd5 exd5 5. Qb3 Nc6 6. Bxd5 Be6 7. Bxe6 fxe6 8. Qxe6+ Qe7 9. Qxe7+ Bxe7 10. Nf3 Nf6 11. Nc3 Nd7 12. d4 0-0-0 13. 0-0 Nb6 14. Rd1 Nb4 15. a3 N4d5 16. e4 Nxc3 17. bxc3 Rhf8 18. Ne5 Bd6 19. Nd3 Rf3 20. Kg2 Rdf8 21. Ra2 Na4 22. Rc2 Nb6 23. c4 Nd7 24. c5 Be7 25. Be3 Nb8 26. d5 Bd8 27. e5 R3f5 28. d6 Nc6 29. e6 Bg5 30. f4 Bh4 31. e7 Re8 32. Ne5 Nxe5 33. fxe5 Bxe7 34. d7+ 1-0

[Event "RUS-ch U14"]
[Site "Dagomys"]
[Date "2009.04.20"]
[Round "6"]
[White "Martynov, Pavel1"]
[Black "Suvorov, Aleksander"]
[Result "1-0"]
[WhiteElo "2033"]
[BlackElo "2093"]
[PlyCount "47"]
[EventDate "2009.04.15"]
[EventType "swiss"]
[EventRounds "9"]
[EventCountry "RUS"]
[SourceTitle "EXT 2012"]
[Source "ChessBase"]
[SourceDate "2011.11.24"]
[SourceVersion "1"]
[SourceVersionDate "2011.11.24"]
[SourceQuality "1"]

1. e4 e5 2. Nf3 Nc6 3. Bc4 Bc5 4. 0-0 Nf6 5. d4 Bxd4 6. Nxd4 Nxd4 7. f4 d6 8. fxe5 dxe5 9. Bg5 h6 10. Bxf6 gxf6 11. c3 Ne6 12. Qxd8+ Kxd8 13. Rxf6 Ke7 14. Rf1 Bd7 15. Nd2 Rhg8 16. Nf3 f6 17. Nh4 Rh8 18. Ng6+ Kf7 19. Nxe5+ Ke8 20. Rxf6 Nc5 21. Ng6 Nxe4 22. Rf4 Bc6 23. Nxh8 Ke7 24. Ng6+ 1-0

[Event "RUS-ch U14"]
[Site "Dagomys"]
[Date "2009.04.19"]
[Round "5"]
[White "Suvorov, Aleksander"]
[Black "Mihnenko, Nikita"]
[Result "1/2-1/2"]
[WhiteElo "2093"]
[BlackElo "1931"]
[PlyCount "68"]
[EventDate "2009.04.15"]
[EventType "swiss"]
[EventRounds "9"]
[EventCountry "RUS"]
[SourceTitle "EXT 2012"]
[Source "ChessBase"]
[SourceDate "2011.11.24"]
[SourceVersion "1"]
[SourceVersionDate "2011.11.24"]
[SourceQuality "1"]

1. e4 e5 2. Nf3 Nc6 3. Bc4 Nf6 4. d3 Bc5 5. c3 0-0 6. 0-0 d6 7. Nbd2 Be6 8. Bb3 Bxb3 9. Qxb3 Rb8 10. Nc4 b5 11. Ne3 b4 12. Qc2 bxc3 13. bxc3 Qd7 14. Nf5 Ne7 15. N3h4 Nxf5 16. Nxf5 g6 17. Ng3 Rb7 18. Bg5 Qe6 19. h3 Rfb8 20. Rab1 Ne8 21. Rxb7 Rxb7 22. Re1 f6 23. Be3 Bxe3 24. Rxe3 Qd7 25. Re1 Qb5 26. Rc1 Ng7 27. Nf1 Qb2 28. Ne3 Qxc2 29. Rxc2 Ne6 30. g3 Nc5 31. Rd2 Rb1+ 32. Kg2 Rc1 33. Nd5 c6 34. Nxf6+ Kg7 1/2-1/2